| 000 | 00999cab a22002295a 4500 | ||
|---|---|---|---|
| 001 | L146142 | ||
| 008 | 081211s2008 xxk f 000 0 eng d | ||
| 035 | _a(Sirsi) u146142 | ||
| 041 | 0 | _aeng | |
| 100 | 1 | _aDunn, Gavin | |
| 245 | 0 | 0 | _a'Opportunity' certificates |
| 260 | _c2008 | ||
| 490 | 0 |
_aPremises and Facilities Management _vOctober 2008, 58-59(2) |
|
| 520 | _aConsiders what will provide customer reassurance in the field of Energy Performance Certificates and Display Energy Certificates and what unexpected opportunities this regulatory and measurement regime might offer. | ||
| 590 | _aKA | ||
| 650 | 2 | 4 | _aCOMMERCIAL ENERGY PERFORMANCE CERTIFICATES |
| 650 | 2 | 4 | _aEUROPEAN ENERGY PERFORMANCE OF BUILDINGS DIRECTIVE 2002/91/EC |
| 650 | 2 | 4 | _aENERGY PERFORMANCE OF BUILDINGS (CERTIFICATES AND INSPECTIONS) (ENGLAND AND WALES) REGULATIONS 2007 |
| 651 | 4 |
_aEngland and Wales _y1543- |
|
| 690 | _aENVIRONMENTAL AND LAND CONSULTANCY-SUSTAINABILITY-SUSTAINABLE DEVELOPMENT | ||
| 942 | _n0 | ||
| 999 |
_c81045 _d81045 |
||